[Event "Wch Rapid"]
[Site "St Petersburg"]
[Date "2018.12.27"]
[Round "10"]
[White "Grischuk, Alexander"]
[Black "Grigoriants, Sergey"]
[Result "1/2-1/2"]
[WhiteElo "2771"]
[BlackElo "2540"]
[PlyCount "104"]
[EventDate "2018.12.26"]
[EventType "swiss (rapid)"]
[EventRounds "15"]
[EventCountry "RUS"]
[SourceTitle "CBM 187 Extra"]
[Source "ChessBase"]
[SourceDate "2018.11.04"]
[SourceVersion "1"]
[SourceVersionDate "2018.11.04"]
[SourceQuality "1"]

1. Nf3 d5 2. g3 c6 3. Bg2 Bg4 4. O-O e6 5. d4 Nf6 6. h3 Bf5 7. Nh4 Be4 8. f3
Bg6 9. Nxg6 hxg6 10. e4 c5 11. c3 Qb6 12. Qb3 Qxb3 13. axb3 Nc6 14. Be3 cxd4
15. cxd4 dxe4 16. fxe4 Rd8 17. Ra4 b5 18. Ra6 Nxd4 19. e5 Nh5 20. Kf2 Bc5 21.
g4 Nxb3 22. gxh5 Rxh5 23. Bxc5 Nxc5 24. Rxa7 Rxe5 25. Kg1 Rf5 26. Na3 b4 27.
Nc4 Kf8 28. Rc7 Nd3 29. Rd1 Rg5 30. Rd2 Rd4 31. Kh2 e5 32. Ne3 Kg8 33. Rc4 Rxc4
34. Nxc4 Nf4 35. Bf1 e4 36. Rd8+ Kh7 37. Re8 f5 38. Nd6 Rh5 39. Kg3 Nd5 40. Kf2
Nf6 41. Re7 Rh4 42. Bg2 Rf4+ 43. Ke2 g5 44. Re5 Kg6 45. Rb5 g4 46. hxg4 Nxg4
47. Rxf5 Rxf5 48. Bxe4 Nh6 49. Kd3 Kf6 50. Bxf5 Nxf5 51. Ne8+ Ke7 52. Nxg7 Nxg7
1/2-1/2

[Event "Wch Rapid"]
[Site "St Petersburg"]
[Date "2018.12.28"]
[Round "11"]
[White "Ragger, Markus"]
[Black "Grischuk, Alexander"]
[Result "1/2-1/2"]
[WhiteElo "2687"]
[BlackElo "2771"]
[PlyCount "53"]
[EventDate "2018.12.26"]
[EventType "swiss (rapid)"]
[EventRounds "15"]
[EventCountry "RUS"]
[SourceTitle "CBM 187 Extra"]
[Source "ChessBase"]
[SourceDate "2018.11.04"]
[SourceVersion "1"]
[SourceVersionDate "2018.11.04"]
[SourceQuality "1"]

1. e4 e5 2. Nf3 Nc6 3. Bc4 Bc5 4. c3 Nf6 5. d3 a6 6. a4 d6 7. O-O Ba7 8. Re1 h6
9. Nbd2 g5 10. b4 Nh5 11. Nb3 Qf6 12. Be3 Bxe3 13. fxe3 g4 14. Nfd2 Qg5 15. Qe2
O-O 16. Rf1 Kg7 17. b5 axb5 18. axb5 Rxa1 19. Nxa1 Ne7 20. Nc2 c6 21. bxc6 bxc6
22. Bb3 f5 23. exf5 Nxf5 24. e4 Ne7 25. Rxf8 Kxf8 26. Qf2+ Nf6 27. Ne3 1/2-1/2

[Event "Wch Rapid"]
[Site "St Petersburg"]
[Date "2018.12.28"]
[Round "12"]
[White "Grischuk, Alexander"]
[Black "Postny, Evgeny"]
[Result "1-0"]
[WhiteElo "2771"]
[BlackElo "2615"]
[PlyCount "59"]
[EventDate "2018.12.26"]
[EventType "swiss (rapid)"]
[EventRounds "15"]
[EventCountry "RUS"]
[SourceTitle "CBM 187 Extra"]
[Source "ChessBase"]
[SourceDate "2018.11.04"]
[SourceVersion "1"]
[SourceVersionDate "2018.11.04"]
[SourceQuality "1"]

1. Nf3 d5 2. g3 c6 3. Bg2 Bg4 4. O-O Nd7 5. d4 e6 6. c4 Ngf6 7. cxd5 exd5 8.
Nc3 Bd6 9. Nh4 Nb6 10. f3 Be6 11. e4 Be7 12. e5 Nfd7 13. f4 Bxh4 14. f5 Bxf5
15. Rxf5 Be7 16. Qg4 g6 17. Rf2 O-O 18. Bh6 f5 19. Qh3 Re8 20. g4 f4 21. Ne2
Bh4 22. Rxf4 Bg5 23. Rf2 Bxh6 24. Qxh6 Rf8 25. Nf4 Qe7 26. g5 Rf5 27. Nxg6 Qxg5
28. Ne7+ Qxe7 29. Rxf5 Nf8 30. Raf1 1-0

[Event "Wch Rapid"]
[Site "St Petersburg"]
[Date "2018.12.28"]
[Round "13"]
[White "Alekseenko, Kirill"]
[Black "Grischuk, Alexander"]
[Result "0-1"]
[WhiteElo "2638"]
[BlackElo "2771"]
[PlyCount "104"]
[EventDate "2018.12.26"]
[EventType "swiss (rapid)"]
[EventRounds "15"]
[EventCountry "RUS"]
[SourceTitle "CBM 187 Extra"]
[Source "ChessBase"]
[SourceDate "2018.11.04"]
[SourceVersion "1"]
[SourceVersionDate "2018.11.04"]
[SourceQuality "1"]

1. e4 e5 2. Nf3 Nc6 3. Bb5 a6 4. Ba4 Nf6 5. O-O b5 6. Bb3 Bb7 7. Re1 Bc5 8. c3
d6 9. d4 Bb6 10. Be3 O-O 11. Nbd2 h6 12. h3 Re8 13. d5 Ne7 14. Bxb6 cxb6 15. a4
bxa4 16. Bxa4 b5 17. Bc2 Qb6 18. Bd3 Bc8 19. b4 Bd7 20. c4 bxc4 21. Nxc4 Qb8
22. Qd2 Bb5 23. Rab1 Ra7 24. Na5 Rc7 25. Qe2 Rec8 26. Bxb5 axb5 27. Red1 Qb6
28. Rd2 Rc3 29. g3 Nd7 30. Kg2 f5 31. Nh4 fxe4 32. Qg4 Rc2 33. Rb2 Rxd2 34.
Rxd2 e3 35. Re2 Nf8 36. Rxe3 Rc7 37. Rf3 Qd4 38. Qxd4 exd4 39. Rd3 Nd7 40. Rxd4
Nf6 41. Nf3 Nexd5 42. h4 Kf7 43. g4 Ke6 44. Rd1 Nxg4 45. Nd4+ Kd7 46. Kg3 Ngf6
47. Nxb5 Rc2 48. Nd4 Ne4+ 49. Kg4 Rxf2 50. Nc4 g6 51. h5 Rf4+ 52. Kh3 Nf2+ 0-1

[Event "Wch Rapid"]
[Site "St Petersburg"]
[Date "2018.12.28"]
[Round "15"]
[White "Paravyan, David"]
[Black "Grischuk, Alexander"]
[Result "0-1"]
[WhiteElo "2634"]
[BlackElo "2771"]
[PlyCount "68"]
[EventDate "2018.12.26"]
[EventType "swiss (rapid)"]
[EventRounds "15"]
[EventCountry "RUS"]
[SourceTitle "CBM 187 Extra"]
[Source "ChessBase"]
[SourceDate "2018.11.04"]
[SourceVersion "1"]
[SourceVersionDate "2018.11.04"]
[SourceQuality "1"]

1. d4 Nf6 2. c4 g6 3. Nc3 Bg7 4. e4 d6 5. h3 Nbd7 6. Nf3 e5 7. d5 Nc5 8. Qc2 a5
9. Be3 O-O 10. O-O-O Nh5 11. g3 f5 12. Bxc5 dxc5 13. Be2 Nf6 14. Nd2 Ne8 15.
exf5 gxf5 16. g4 Nd6 17. Rhg1 Kh8 18. gxf5 Bxf5 19. Bd3 Bh6 20. Bxf5 Rxf5 21.
Rg2 Qh4 22. Kb1 Bxd2 23. Qxd2 Nxc4 24. Qc2 Nd6 25. Nb5 Raf8 26. Nxc7 Rxf2 27.
Rxf2 Qxf2 28. Qc3 Qe2 29. Rc1 Rf1 30. a3 b6 31. Rxf1 Qxf1+ 32. Ka2 Qc4+ 33.
Qxc4 Nxc4 34. Na8 e4 0-1

[Event "Wch Blitz"]
[Site "St Petersburg"]
[Date "2018.12.29"]
[Round "1"]
[White "Grischuk, Alexander"]
[Black "Al Sayed, Mohammed"]
[Result "1-0"]
[WhiteElo "2771"]
[BlackElo "2484"]
[PlyCount "95"]
[EventDate "2018.12.29"]
[EventType "swiss (blitz)"]
[EventRounds "21"]
[EventCountry "RUS"]
[SourceTitle "CBM 187 Extra"]
[Source "ChessBase"]
[SourceDate "2018.11.04"]
[SourceVersion "1"]
[SourceVersionDate "2018.11.04"]
[SourceQuality "1"]

1. Nf3 d5 2. g3 c6 3. Bg2 Bg4 4. O-O Nd7 5. d4 e6 6. c4 Ngf6 7. cxd5 exd5 8.
Nc3 Be7 9. Ng5 h6 10. Nh3 O-O 11. f3 Bxh3 12. Bxh3 Re8 13. e4 dxe4 14. fxe4 Bf8
15. e5 Nh7 16. Qb3 Re7 17. Be3 Nb6 18. Rxf7 Rxf7 19. Rf1 Nd5 20. Rxf7 Kxf7 21.
Qxb7+ Kg8 22. Be6+ Kh8 23. Qf7 Bb4 24. Nxd5 cxd5 25. Bxd5 Rc8 26. h4 Qe7 27.
Qf5 Rf8 28. Qg6 Qe8 29. Qd3 Qh5 30. Be4 Qg4 31. Bf2 g6 32. Bxg6 Rf3 33. Qe4
Qxe4 34. Bxe4 Rf8 35. d5 Re8 36. Bd4 Nf6 37. Bf3 Nxd5 38. e6+ Kh7 39. Bxd5 Rd8
40. Be4+ Kg8 41. Bxa7 Rd1+ 42. Kg2 Rd2+ 43. Kf3 Rxb2 44. Bd5 Be7 45. Be3 Kg7
46. Bd4+ Bf6 47. Bxb2 Bxb2 48. e7 1-0

[Event "Wch Blitz"]
[Site "St Petersburg"]
[Date "2018.12.29"]
[Round "2"]
[White "Hovhannisyan, Robert"]
[Black "Grischuk, Alexander"]
[Result "1/2-1/2"]
[WhiteElo "2637"]
[BlackElo "2771"]
[PlyCount "84"]
[EventDate "2018.12.29"]
[EventType "swiss (blitz)"]
[EventRounds "21"]
[EventCountry "RUS"]
[SourceTitle "CBM 187 Extra"]
[Source "ChessBase"]
[SourceDate "2018.11.04"]
[SourceVersion "1"]
[SourceVersionDate "2018.11.04"]
[SourceQuality "1"]

1. e4 e5 2. Nf3 Nc6 3. Bb5 a6 4. Ba4 Nf6 5. O-O b5 6. Bb3 Bb7 7. d3 Be7 8. Nc3
O-O 9. Nd5 Na5 10. Nxe7+ Qxe7 11. Nh4 Nxb3 12. axb3 d5 13. Nf5 Qe6 14. f3 Ne8
15. Qe1 Nd6 16. Ne3 f6 17. exd5 Bxd5 18. Nxd5 Qxd5 19. Be3 Nf5 20. Bf2 c5 21.
b4 Nd4 22. Bxd4 Qxd4+ 23. Kh1 cxb4 24. c3 bxc3 25. Qxc3 Qxc3 26. bxc3 Rfd8 27.
Rfd1 Rd6 28. Kg1 Rad8 29. d4 exd4 30. cxd4 Rc8 31. Rd2 Kf7 32. Kf2 Rc7 33. Ke3
Ke6 34. d5+ Kd7 35. Rda2 Rc3+ 36. Kf4 Rc4+ 37. Kg3 Rxd5 38. Rxa6 Rc7 39. Rb6 h5
40. h4 Ke7 41. Ra5 Kf7 42. Raxb5 Rxb5 1/2-1/2

[Event "Wch Blitz"]
[Site "St Petersburg"]
[Date "2018.12.29"]
[Round "3"]
[White "Grischuk, Alexander"]
[Black "Tomashevsky, Evgeny"]
[Result "1/2-1/2"]
[WhiteElo "2771"]
[BlackElo "2705"]
[PlyCount "57"]
[EventDate "2018.12.29"]
[EventType "swiss (blitz)"]
[EventRounds "21"]
[EventCountry "RUS"]
[SourceTitle "CBM 187 Extra"]
[Source "ChessBase"]
[SourceDate "2018.11.04"]
[SourceVersion "1"]
[SourceVersionDate "2018.11.04"]
[SourceQuality "1"]

1. Nf3 d5 2. g3 Nf6 3. Bg2 e6 4. O-O Be7 5. c4 O-O 6. d3 b6 7. cxd5 Nxd5 8. d4
Bb7 9. Re1 c5 10. e4 Nc7 11. Nc3 cxd4 12. Nxd4 Nc6 13. Be3 Nxd4 14. Bxd4 Rc8
15. Rc1 Qd7 16. Be3 Qxd1 17. Rexd1 Rfd8 18. e5 Bxg2 19. Kxg2 Rxd1 20. Rxd1 Bb4
21. Rd3 Kf8 22. Kf3 Ke8 23. Ke4 Bxc3 24. Rxc3 Kd7 25. f4 h5 26. h3 g6 27. Bf2
Nd5 28. Rxc8 Kxc8 29. Be1 1/2-1/2

[Event "Wch Blitz"]
[Site "St Petersburg"]
[Date "2018.12.29"]
[Round "4"]
[White "Golubov, Saveliy"]
[Black "Grischuk, Alexander"]
[Result "1/2-1/2"]
[WhiteElo "2482"]
[BlackElo "2771"]
[PlyCount "134"]
[EventDate "2018.12.29"]
[EventType "swiss (blitz)"]
[EventRounds "21"]
[EventCountry "RUS"]
[SourceTitle "CBM 187 Extra"]
[Source "ChessBase"]
[SourceDate "2018.11.04"]
[SourceVersion "1"]
[SourceVersionDate "2018.11.04"]
[SourceQuality "1"]

1. d4 Nf6 2. Nf3 g6 3. Bg5 Bg7 4. Nbd2 d5 5. e3 O-O 6. Be2 c5 7. O-O Qb6 8. Qc1
Nc6 9. c3 Bf5 10. dxc5 Qxc5 11. Nd4 Bd7 12. a4 Rac8 13. N2b3 Qd6 14. Rd1 e6 15.
Bh4 Ne5 16. Nd2 Nc6 17. N2b3 a6 18. Nxc6 Bxc6 19. Bg3 Qe7 20. Be5 Rfd8 21. Nd4
Be8 22. Bf3 Bf8 23. Bg3 Nd7 24. a5 Bg7 25. Nb3 Ne5 26. Be2 Nc4 27. Nd2 Nd6 28.
h3 e5 29. Nf3 Nf5 30. Bh2 Bc6 31. Re1 h5 32. Qb1 Re8 33. Qa2 Rcd8 34. Rad1 Nd6
35. Nd2 Qe6 36. Bf1 Bf6 37. c4 dxc4 38. Nxc4 Ne4 39. Rxd8 Rxd8 40. Qb1 Nd2 41.
Nxd2 Rxd2 42. Rd1 Qd6 43. Rxd2 Qxd2 44. b4 Bh4 45. g3 Be7 46. b5 axb5 47. Bxb5
Qxa5 48. Bxc6 bxc6 49. Qb7 Qc5 50. g4 hxg4 51. hxg4 Qd6 52. Bg3 Qe6 53. Qc7 Bf6
54. g5 Bg7 55. e4 Kh7 56. Kg2 Kg8 57. Qd8+ Kh7 58. Qc7 Qg4 59. Qxf7 Qxe4+ 60.
Qf3 Qd5 61. Bh2 Kg8 62. Kg3 e4 63. Qg4 Qf5 64. Qxf5 gxf5 65. Kf4 Bd4 66. Kxf5
Bxf2 67. Kxe4 c5 1/2-1/2

[Event "Wch Blitz"]
[Site "St Petersburg"]
[Date "2018.12.29"]
[Round "5"]
[White "Grischuk, Alexander"]
[Black "Geller, Jakov"]
[Result "1-0"]
[WhiteElo "2771"]
[BlackElo "2518"]
[PlyCount "79"]
[EventDate "2018.12.29"]
[EventType "swiss (blitz)"]
[EventRounds "21"]
[EventCountry "RUS"]
[SourceTitle "CBM 187 Extra"]
[Source "ChessBase"]
[SourceDate "2018.11.04"]
[SourceVersion "1"]
[SourceVersionDate "2018.11.04"]
[SourceQuality "1"]

1. Nf3 e6 2. g3 b5 3. Bg2 Bb7 4. O-O c5 5. d3 Nf6 6. e4 d6 7. Nfd2 Nc6 8. a4 b4
9. Nc4 Be7 10. Re1 O-O 11. Nbd2 Qc7 12. Nb3 Rad8 13. Bf4 Qc8 14. c3 bxc3 15.
bxc3 d5 16. exd5 Nxd5 17. Bd2 Nb6 18. Nb2 a5 19. Qe2 h6 20. Rad1 Ba6 21. Qe4
Bb7 22. Be3 Nd7 23. Nc4 Nf6 24. Qf3 Nd5 25. Rc1 Ba8 26. Bxc5 Bxc5 27. Nxc5 Ne5
28. Nxe5 Qxc5 29. d4 Qa3 30. Qd1 Nxc3 31. Qd3 Bxg2 32. Rxc3 Qxa4 33. Kxg2 Qb4
34. Rd1 a4 35. Rc4 Qb7+ 36. Qf3 Qb5 37. Rc7 Qd5 38. Qxd5 Rxd5 39. Ra7 Rfd8 40.
Nc6 1-0

[Event "Wch Blitz"]
[Site "St Petersburg"]
[Date "2018.12.29"]
[Round "6"]
[White "Matlakov, Maxim"]
[Black "Grischuk, Alexander"]
[Result "1/2-1/2"]
[WhiteElo "2700"]
[BlackElo "2771"]
[PlyCount "55"]
[EventDate "2018.12.29"]
[EventType "swiss (blitz)"]
[EventRounds "21"]
[EventCountry "RUS"]
[SourceTitle "CBM 187 Extra"]
[Source "ChessBase"]
[SourceDate "2018.11.04"]
[SourceVersion "1"]
[SourceVersionDate "2018.11.04"]
[SourceQuality "1"]

1. c4 g6 2. Nc3 Bg7 3. g3 c5 4. Bg2 Nc6 5. e3 e6 6. Nge2 Nge7 7. O-O O-O 8. d4
cxd4 9. exd4 d5 10. cxd5 Nxd5 11. Nxd5 exd5 12. Be3 Be6 13. Qd2 Re8 14. Nf4 Qd7
15. Rfe1 Ne7 16. Nxe6 Qxe6 17. Bf4 Qd7 18. Be5 Nc6 19. Bxg7 Kxg7 20. h4 h6 21.
Qf4 Rad8 22. Rad1 Rxe1+ 23. Rxe1 Qd6 24. Qd2 Qf6 25. Rd1 Qd6 26. Re1 Qf6 27.
Rd1 Qd6 28. Re1 1/2-1/2

[Event "Wch Blitz"]
[Site "St Petersburg"]
[Date "2018.12.29"]
[Round "7"]
[White "Grischuk, Alexander"]
[Black "Tari, Aryan"]
[Result "1-0"]
[WhiteElo "2771"]
[BlackElo "2620"]
[PlyCount "65"]
[EventDate "2018.12.29"]
[EventType "swiss (blitz)"]
[EventRounds "21"]
[EventCountry "RUS"]
[SourceTitle "CBM 187 Extra"]
[Source "ChessBase"]
[SourceDate "2018.11.04"]
[SourceVersion "1"]
[SourceVersionDate "2018.11.04"]
[SourceQuality "1"]

1. Nf3 Nf6 2. g3 g6 3. c4 c6 4. b3 d5 5. Bb2 Bg7 6. Bg2 O-O 7. O-O a5 8. Nc3
Na6 9. d4 Bf5 10. Ne5 Ne4 11. cxd5 cxd5 12. Rc1 Nxc3 13. Rxc3 Be4 14. Bh3 Bf5
15. Bxf5 gxf5 16. Qd2 e6 17. Rfc1 Qd6 18. Qf4 Nb4 19. Ba3 f6 20. Nd3 Qxf4 21.
Nxf4 Nxa2 22. Bxf8 Bxf8 23. Rc8 Nxc1 24. Rxa8 Kf7 25. Ra7 Bb4 26. Rxb7+ Kg8 27.
Nxe6 Nxb3 28. e3 Nd2 29. Rg7+ Kh8 30. Rd7 Kg8 31. Rg7+ Kh8 32. Ra7 Kg8 33. Nf4
1-0

[Event "Wch Blitz"]
[Site "St Petersburg"]
[Date "2018.12.29"]
[Round "8"]
[White "Inarkiev, Ernesto"]
[Black "Grischuk, Alexander"]
[Result "1/2-1/2"]
[WhiteElo "2693"]
[BlackElo "2771"]
[PlyCount "75"]
[EventDate "2018.12.29"]
[EventType "swiss (blitz)"]
[EventRounds "21"]
[EventCountry "RUS"]
[SourceTitle "CBM 187 Extra"]
[Source "ChessBase"]
[SourceDate "2018.11.04"]
[SourceVersion "1"]
[SourceVersionDate "2018.11.04"]
[SourceQuality "1"]

1. c4 g6 2. e4 Bg7 3. d4 d6 4. Nc3 Nf6 5. Nf3 O-O 6. Be2 e5 7. Be3 exd4 8. Nxd4
Re8 9. f3 c6 10. Bf2 d5 11. exd5 cxd5 12. O-O Nc6 13. c5 Nh5 14. Qd2 Be5 15. g3
Ng7 16. Rfe1 Bf5 17. Rad1 Bxd4 18. Bxd4 Ne6 19. Bf2 d4 20. Nb5 Nxc5 21. Nxd4
Nxd4 22. Qxd4 Qxd4 23. Bxd4 Nd3 24. Bxd3 Rxe1+ 25. Rxe1 Bxd3 26. Re7 Bc4 27. a3
Bd5 28. Kf2 a6 29. g4 Bc6 30. h4 Re8 31. Rc7 h6 32. Bc3 Kf8 33. Bd4 Rd8 34. Bf6
Re8 35. Bd4 Rd8 36. Bf6 Re8 37. Bc3 Rd8 38. Bf6 1/2-1/2

[Event "Wch Blitz"]
[Site "St Petersburg"]
[Date "2018.12.29"]
[Round "9"]
[White "Grischuk, Alexander"]
[Black "Nozdrachev, Vladislav"]
[Result "1/2-1/2"]
[WhiteElo "2771"]
[BlackElo "2486"]
[PlyCount "47"]
[EventDate "2018.12.29"]
[EventType "swiss (blitz)"]
[EventRounds "21"]
[EventCountry "RUS"]
[SourceTitle "CBM 187 Extra"]
[Source "ChessBase"]
[SourceDate "2018.11.04"]
[SourceVersion "1"]
[SourceVersionDate "2018.11.04"]
[SourceQuality "1"]

1. Nf3 d5 2. g3 Nf6 3. Bg2 e6 4. O-O Be7 5. c4 O-O 6. d4 dxc4 7. Qc2 b6 8. Bg5
Nbd7 9. Bxf6 Nxf6 10. Ne5 Nd5 11. Nc6 Qd6 12. Qxc4 Bb7 13. Nxe7+ Qxe7 14. Nc3
c6 15. Rac1 Rfd8 16. Rfd1 a5 17. Nxd5 cxd5 18. Qc7 Qxc7 19. Rxc7 Ba6 20. Bf1
Rdc8 21. Rdc1 Kf8 22. e3 Rxc7 23. Rxc7 Rc8 24. Rxc8+ 1/2-1/2

[Event "Wch Blitz"]
[Site "St Petersburg"]
[Date "2018.12.29"]
[Round "10"]
[White "Tsydypov, Zhamsaran"]
[Black "Grischuk, Alexander"]
[Result "1/2-1/2"]
[WhiteElo "2529"]
[BlackElo "2771"]
[PlyCount "89"]
[EventDate "2018.12.29"]
[EventType "swiss (blitz)"]
[EventRounds "21"]
[EventCountry "RUS"]
[SourceTitle "CBM 187 Extra"]
[Source "ChessBase"]
[SourceDate "2018.11.04"]
[SourceVersion "1"]
[SourceVersionDate "2018.11.04"]
[SourceQuality "1"]

1. e4 e5 2. Nf3 Nc6 3. Bc4 Bc5 4. d3 Nf6 5. c3 a6 6. O-O d6 7. Nbd2 Ba7 8. a4
h6 9. b4 O-O 10. Bb3 Ne7 11. Re1 Ng6 12. Nf1 Re8 13. Be3 Bxe3 14. Nxe3 c6 15.
Nc4 Bg4 16. h3 Be6 17. a5 Bxc4 18. Bxc4 d5 19. Bb3 Qd6 20. Qc2 Rad8 21. Rad1
Qc7 22. c4 Qd6 23. exd5 Qxb4 24. dxc6 bxc6 25. Ba4 Re6 26. d4 e4 27. d5 cxd5
28. Nd4 Rc8 29. Nxe6 Rxc4 30. Qb1 fxe6 31. Bb3 Rc5 32. Bxd5 Nxd5 33. Rxd5 Qxe1+
34. Qxe1 exd5 35. Qb4 Rc1+ 36. Kh2 Kh7 37. Qb6 Rc2 38. Qxa6 Rxf2 39. Qb6 Ra2
40. a6 e3 41. Qxe3 Rxa6 42. Qd3 Rf6 43. Qxd5 Kh8 44. Qe4 Nf8 45. Qe3 1/2-1/2

[Event "Wch Blitz"]
[Site "St Petersburg"]
[Date "2018.12.29"]
[Round "11"]
[White "Grischuk, Alexander"]
[Black "Kovalev, Vladislav"]
[Result "1-0"]
[WhiteElo "2771"]
[BlackElo "2683"]
[PlyCount "55"]
[EventDate "2018.12.29"]
[EventType "swiss (blitz)"]
[EventRounds "21"]
[EventCountry "RUS"]
[SourceTitle "CBM 187 Extra"]
[Source "ChessBase"]
[SourceDate "2018.11.04"]
[SourceVersion "1"]
[SourceVersionDate "2018.11.04"]
[SourceQuality "1"]

1. Nf3 Nf6 2. g3 e6 3. Bg2 d5 4. O-O Be7 5. c4 O-O 6. d3 b6 7. cxd5 exd5 8. d4
c5 9. Nc3 Bb7 10. Bf4 Nc6 11. Rc1 Rc8 12. Qa4 c4 13. Bh3 Ra8 14. b3 Na5 15. Ne5
a6 16. b4 Nh5 17. bxa5 b5 18. Qc2 Nxf4 19. gxf4 Qxa5 20. e3 b4 21. Ne2 Qb6 22.
Ng3 Rfd8 23. Kh1 g6 24. Rg1 a5 25. f5 a4 26. fxg6 hxg6 27. Nf5 Bf8 28. Nxg6 1-0

[Event "Wch Blitz"]
[Site "St Petersburg"]
[Date "2018.12.30"]
[Round "13"]
[White "Grischuk, Alexander"]
[Black "Maghsoodloo, Parham"]
[Result "0-1"]
[WhiteElo "2771"]
[BlackElo "2688"]
[PlyCount "90"]
[EventDate "2018.12.29"]
[EventType "swiss (blitz)"]
[EventRounds "21"]
[EventCountry "RUS"]
[SourceTitle "CBM 187 Extra"]
[Source "ChessBase"]
[SourceDate "2018.11.04"]
[SourceVersion "1"]
[SourceVersionDate "2018.11.04"]
[SourceQuality "1"]

1. Nf3 Nf6 2. g3 b5 3. Bg2 Bb7 4. O-O e6 5. d3 Be7 6. e4 d6 7. Nfd2 e5 8. a4 a6
9. Nc3 c6 10. f4 Nbd7 11. Nf3 O-O 12. h3 Qc7 13. g4 Ne8 14. Ne2 exf4 15. Bxf4
g6 16. Qd2 Ng7 17. Kh1 Ne5 18. Bh2 f6 19. d4 Nf7 20. c3 Qd7 21. Nf4 Rad8 22.
Qc2 g5 23. Ne2 h5 24. gxh5 Nxh5 25. e5 f5 26. exd6 Nxd6 27. Ne5 Qe6 28. Rae1
Qh6 29. Ng3 Nf4 30. Rxf4 gxf4 31. Ne2 Bg5 32. Ng1 Ne4 33. Ngf3 Bf6 34. axb5
cxb5 35. Nd3 Ng3+ 36. Kg1 Rde8 37. Nde5 Be4 38. Qf2 Kh7 39. Nd7 Rf7 40. Nxf6+
Rxf6 41. Nd2 Rg8 42. Nf3 Rfg6 43. Rd1 Bxf3 44. Qxf3 Ne4 45. Kh1 Rxg2 0-1

[Event "Wch Blitz"]
[Site "St Petersburg"]
[Date "2018.12.30"]
[Round "14"]
[White "Amin, Bassem"]
[Black "Grischuk, Alexander"]
[Result "1/2-1/2"]
[WhiteElo "2710"]
[BlackElo "2771"]
[PlyCount "83"]
[EventDate "2018.12.29"]
[EventType "swiss (blitz)"]
[EventRounds "21"]
[EventCountry "RUS"]
[SourceTitle "CBM 187 Extra"]
[Source "ChessBase"]
[SourceDate "2018.11.04"]
[SourceVersion "1"]
[SourceVersionDate "2018.11.04"]
[SourceQuality "1"]

1. Nf3 Nf6 2. g3 g6 3. Bg2 Bg7 4. O-O O-O 5. d3 d6 6. e4 e5 7. Re1 Nbd7 8. c3
b6 9. d4 Bb7 10. d5 Nc5 11. Qc2 c6 12. c4 cxd5 13. cxd5 Rc8 14. Nc3 a5 15. Bh3
Nfd7 16. Bg5 f6 17. Be3 Ba6 18. Rad1 Qe7 19. a3 Kh8 20. Rd2 Bc4 21. b4 axb4 22.
axb4 Na6 23. Qb2 f5 24. exf5 gxf5 25. Ng5 Nc7 26. f4 e4 27. Bd4 Bxd4+ 28. Rxd4
b5 29. Ncxe4 Kg8 30. Ne6 Nxd5 31. N4g5 Rf6 32. Rdd1 h6 33. Nc5 Qg7 34. Nxd7
Qxd7 35. Rxd5 Bxd5 36. Qxf6 Qa7+ 37. Kf1 Bc4+ 38. Kg2 Bd5+ 39. Kf1 Bc4+ 40. Kg2
Bd5+ 41. Kf1 Bc4+ 42. Kg2 1/2-1/2

[Event "Wch Blitz"]
[Site "St Petersburg"]
[Date "2018.12.30"]
[Round "16"]
[White "Salem, AR Saleh"]
[Black "Grischuk, Alexander"]
[Result "0-1"]
[WhiteElo "2660"]
[BlackElo "2771"]
[PlyCount "96"]
[EventDate "2018.12.29"]
[EventType "swiss (blitz)"]
[EventRounds "21"]
[EventCountry "RUS"]
[SourceTitle "CBM 187 Extra"]
[Source "ChessBase"]
[SourceDate "2018.11.04"]
[SourceVersion "1"]
[SourceVersionDate "2018.11.04"]
[SourceQuality "1"]

1. d4 Nf6 2. c4 g6 3. Nc3 Bg7 4. e4 d6 5. Nge2 Nbd7 6. Ng3 e5 7. d5 a5 8. Be2
Nc5 9. Be3 h5 10. Qc2 Ng4 11. Bxc5 dxc5 12. h3 Nf6 13. O-O-O Bh6+ 14. Kb1 O-O
15. h4 Ne8 16. Bd3 Nd6 17. f3 Bd7 18. Nge2 a4 19. g3 a3 20. b3 Qe7 21. Rdf1 Ne8
22. Nd1 Nf6 23. Nec3 c6 24. Rhg1 cxd5 25. exd5 Kh8 26. Re1 Rae8 27. Nf2 Qd8 28.
g4 e4 29. Ncxe4 Nxe4 30. Nxe4 hxg4 31. fxg4 Bg7 32. g5 Bf5 33. Nxc5 Qb6 34. Qf2
Qb4 35. Rc1 Qxc5 36. Qxc5 Bxd3+ 37. Rc2 Re2 38. Rgc1 Rfe8 39. Qb5 Kh7 40. Qb4
Bb2 41. h5 Bxc1 42. Kxc1 Rxc2+ 43. Kd1 Ree2 44. Qf8 Red2+ 45. Ke1 Re2+ 46. Kd1
Rf2 47. hxg6+ Bxg6 48. Ke1 Rh2 0-1

[Event "Wch Blitz"]
[Site "St Petersburg"]
[Date "2018.12.30"]
[Round "17"]
[White "Grischuk, Alexander"]
[Black "Predke, Alexandr"]
[Result "1-0"]
[WhiteElo "2771"]
[BlackElo "2622"]
[PlyCount "87"]
[EventDate "2018.12.29"]
[EventType "swiss (blitz)"]
[EventRounds "21"]
[EventCountry "RUS"]
[SourceTitle "CBM 187 Extra"]
[Source "ChessBase"]
[SourceDate "2018.11.04"]
[SourceVersion "1"]
[SourceVersionDate "2018.11.04"]
[SourceQuality "1"]

1. Nf3 Nf6 2. g3 b6 3. Bg2 Bb7 4. O-O e6 5. c4 c5 6. Nc3 Be7 7. d4 cxd4 8. Qxd4
O-O 9. Rd1 Nc6 10. Qf4 Qb8 11. Qxb8 Raxb8 12. Bf4 Rbd8 13. Rac1 d6 14. Nd4 Na5
15. Bxb7 Nxb7 16. Nc6 Rd7 17. Nxe7+ Rxe7 18. Bxd6 Nxd6 19. Rxd6 Rc8 20. b3 Kf8
21. Rcd1 Ke8 22. f3 Nd5 23. Ne4 Ne3 24. R1d2 Nf5 25. R6d3 Rb8 26. g4 Nh4 27.
Kf2 Ng6 28. Kg3 Ne5 29. Rd6 h6 30. h4 Nd7 31. g5 hxg5 32. hxg5 Ne5 33. R6d4 Rc7
34. Nd6+ Ke7 35. Nb5 Rcb7 36. Nc3 Rc8 37. Ne4 Rh8 38. f4 Ng6 39. Nd6 Rc7 40.
Nb5 Rb7 41. R4d3 Nh4 42. e4 Ng6 43. Nd4 Rc7 44. Nc6+ 1-0

[Event "Wch Blitz"]
[Site "St Petersburg"]
[Date "2018.12.30"]
[Round "18"]
[White "Bosiocic, Marin"]
[Black "Grischuk, Alexander"]
[Result "0-1"]
[WhiteElo "2599"]
[BlackElo "2771"]
[PlyCount "118"]
[EventDate "2018.12.29"]
[EventType "swiss (blitz)"]
[EventRounds "21"]
[EventCountry "RUS"]
[SourceTitle "CBM 187 Extra"]
[Source "ChessBase"]
[SourceDate "2018.11.04"]
[SourceVersion "1"]
[SourceVersionDate "2018.11.04"]
[SourceQuality "1"]

1. e4 e5 2. Nf3 Nc6 3. Bb5 a6 4. Ba4 Nf6 5. d3 b5 6. Bb3 Be7 7. g4 d6 8. g5 Nd7
9. Bd5 Bb7 10. Be3 Nf8 11. Nc3 Ne6 12. h4 Qd7 13. a4 b4 14. Ne2 Na5 15. Bxb7
Nxb7 16. Qd2 c5 17. c3 Na5 18. Qc2 Nc6 19. a5 Rb8 20. Nd2 d5 21. f3 O-O 22.
exd5 Qxd5 23. c4 Qd7 24. Ne4 Rbd8 25. O-O-O Nxa5 26. Kb1 b3 27. Qd2 Nc6 28.
N2c3 Nb4 29. h5 Qxd3+ 30. Qxd3 Rxd3 31. Rxd3 Nxd3 32. Nd5 Re8 33. h6 Nef4 34.
Bxf4 Nxf4 35. Rd1 Nxd5 36. cxd5 Rd8 37. d6 Bf8 38. hxg7 Kxg7 39. Rd5 c4 40. Kc1
h6 41. gxh6+ Kxh6 42. Nd2 Rxd6 43. Rxd6+ Bxd6 44. Nxc4 Bc7 45. Nd2 Kg5 46. Kd1
Kf4 47. Ke2 Bb6 48. Nxb3 Bd4 49. Nc1 e4 50. fxe4 Kxe4 51. b4 f5 52. Nb3 f4 53.
Na5 f3+ 54. Kf1 Kd5 55. Nb7 Kc4 56. Nd8 Kxb4 57. Nc6+ Kc5 58. Na5 Kb5 59. Nb3
Be3 0-1